000
00214nam a2200097Ia 4500
008
120527s9999 xx 000 0 und d
100
_a
SHARPE, M.
245
_a
The sleeping father
260
_b
Sceptre
942
_c
BK
999
_c
25687
_d
25687